000 00572nam a22001937a 4500
003 DO-SdBNP
005 20211105094746.0
007 ta
008 211105b2018 dr ||||| |||| 00| 0 spa d
020 _a9789945912296
040 _aDO-SdBNP
_bspa
_cBNPHU
100 1 _4García M., Luis
245 1 0 _aFamilia original :
_bestableciendo la diferencia del modelo falso /
_cLuis García M.
260 _aSanto Domingo :
_bPublucaciones Libertrad,
_c2018.
300 _a80 p. ;
_c18 cm.
590 _aInventariado, 2021 /LP
910 _aLopérez
942 _2ddc
_cLBS1
999 _c50879
_d50879